LDR 00910naa#a2200169#i#450# 001 EN\\bibl\114057 005 20260418021858.6 011 ## _a2782-4586 100 ## _a20260331b2026####ek#y0engy0150####ca 102 ## _aRU 200 1# _aDIGITAL ECONOMY ECOSYSTEM OF THE RUSSIAN FEDERATION REGIONS: PROBLEMS OF FORMATION AND DEVELOPMENT FACTORS _eJournal article 210 1# _aMoscow _cITBO University _d2026 215 ## _a7 с. 608 ## _aJournal article _2local 675 ## _aРегиональная (территориальная) экономика. Земельный (аграрный) вопрос. Жилищное хозяйство. 332 _aЭкономическое положение. Экономическая политика. Управление и планирование в экономике. Производство. Услуги. Цены. 338 _z 700 #1 _aNikolaeva _gNadezhda Aleksandrovna 856 4# _ajomeam.ru _u